Δοκίμιο για την ανθρώπινη νόηση

Αποθηκεύτηκε σε:
Λεπτομέρειες βιβλιογραφικής εγγραφής
Κύριος συγγραφέας: Locke, John, 1632-1704
Άλλοι συγγραφείς: Λιονής, Γρηγόρης Σ. (Μεταφραστής), Μετρινός, Κ. (Επιμελητής έκδοσης)
Μορφή: Βιβλίο
Γλώσσα:Greek
English
Δημοσίευση: [Αθήνα;] : Αναγνωστίδης, [χ.χ.].
Θέματα:
Ετικέτες: Προσθήκη ετικέτας
Δεν υπάρχουν, Καταχωρήστε ετικέτα πρώτοι!

MARC

LEADER 00000cam a2200000 i 4500
001 1/86942
008 051006q19601970gr | ||| |||| ||gre||
035 |l 10080689 
040 |a GR-MY-UA  |b gre  |e aacr 
041 1 |a gre  |h eng 
082 7 |a 121   |2 (22) 
100 1 |a Locke, John,   |d 1632-1704. 
245 1 0 |a Δοκίμιο για την ανθρώπινη νόηση /   |c John Locke ; επιμέλεια: Κ. Μετρινού, μετάφραση: Γρ. Λιονή.  
260 |a [Αθήνα;] :   |b Αναγνωστίδης,   |c [χ.χ.].  
300 |a 317 σ. ;   |c 22 εκ. 
500 |a Τίτλος πρωτοτύπου: Essay concerning human understanding.  
600 1 0 |a Locke, John,   |d 1632-1704. 
650 0 0 |a Knowledge, Theory of. 
650 0 0 |a Humanism. 
700 1 |a Λιονής, Γρηγόρης Σ.  |e trl 
700 1 |a Μετρινός, Κ.  |e edt 
852 |a INST  |b RHODES  |c KRI  |e 20051006  |h  121 LOC  |p 005400022170  |q 005400022170  |t BK  |y 0 
901 |a BIBL4-2005-3 
909 |a Ρ  |b 122565 
970 |a ΚΟΖΑ  |b ΜΑΡΙΑ  |z 2005/10/06